000 00526nam a22001697a 4500
005 20260423140736.0
008 260423b |||||||| |||| 00| 0 eng d
020 _a9782965618
050 _aPR9387.2
_b.H46
100 _aJames Ene Henshaw
245 _aThis Is Our Chance: Three Plays from Africa
250 _a2nd
260 _aIbadan
_bBounty Press Limited
_c2004
300 _avii, 114p.
650 _aEnglish Literature
_vAfrican theatre and performance studies
_xCultural and societal transformation studies
942 _cBK
999 _c4693
_d4693